[Event "ch-UKR"]
[Site "Simferopol UKR"]
[Date "2003.11.05"]
[Round "2"]
[White "Arzumanian,G"]
[Black "Savvopulo,A"]
[Result "1-0"]
[WhiteElo "2427"]
[BlackElo "2202"]

1.e4 c5 2.Nf3 Nc6 3.d4 cxd4 4.Nxd4 Nf6 5.Nc3 d6 6.Bg5 e6 7.Qd2 a6 8.O-O-O Be7
9.f3 Nxd4 10.Qxd4 b5 11.h4 h6 12.Be3 Bb7 13.Qd2 d5 14.e5 Nd7 15.f4 h5 16.Qf2 Rc8
17.Bd3 g6 18.Ne2 Nc5 19.Kb1 Nxd3 20.cxd3 Qd7 21.Bd4 b4 22.f5 gxf5 23.Nf4 b3
24.axb3 Qb5 25.Rc1 Qxb3 26.Rxc8+ Bxc8 27.Rc1 Bd7 28.Bc5 Bxc5 29.Qxc5 Qb8
30.d4 Rh6 31.Qa3 Rh8 32.Qxa6 Kf8 33.Qa3+ Ke8 34.Rc3 Rh6 35.Rg3 Rh8 36.Nxh5 Bc6
37.Nf6+ Kd8 38.Rb3 Qc7 39.h5 Kc8 40.h6  1-0

[Event "ch-UKR"]
[Site "Simferopol UKR"]
[Date "2003.11.07"]
[Round "4"]
[White "Kovytev,N"]
[Black "Kilimnik,E"]
[Result "0-1"]
[WhiteElo "2199"]
[BlackElo "2075"]

1.e4 c5 2.Nf3 Nc6 3.d4 cxd4 4.Nxd4 Nf6 5.Nc3 d6 6.Bg5 Qa5 7.Bxf6 gxf6 8.Qd2 a6
9.O-O-O Nxd4 10.Qxd4 Bh6+ 11.Kb1 Be6 12.Be2 O-O 13.g4 Bf4 14.a3 Be5 15.Qb4 Bxc3
16.Qxc3 Qxc3 17.bxc3 Rfc8 18.Kb2 Rc5 19.Rd3 Rac8 20.Re1 R8c6 21.Re3 Rb6+
22.Kc1 Kg7 23.h4 Bc4 24.Kd2 Rbb5 25.f4 Ra5 26.Ra1 Bxe2 27.Rxe2 Rc4 28.Rb1 b5
29.Rb3 Rca4 30.Rb4 Rxa3 31.e5 dxe5 32.fxe5 R5a4 33.exf6+ Kxf6 34.g5+ Kg7
35.Rxe7 Rxb4 36.cxb4 Rh3 37.Re4 Kg6 38.c4 bxc4 39.Rxc4 Kh5 40.Rc6 Rxh4 41.Kc3 Kxg5
42.Rxa6 Re4 43.b5 Re8 44.Ra7 Rb8 45.Kc4 f5 46.Kc5 f4 47.b6 f3 48.Rf7 Kg4
49.Kc6 Kg3 50.b7 f2 51.Kc7 Re8 52.b8=Q Rxb8 53.Kxb8 h5 54.Kc7 h4 55.Kd6 h3
56.Ke5 h2 57.Rg7+ Kf3 58.Rf7+ Ke3  0-1

[Event "1st GM"]
[Site "Nagykanizsa HUN"]
[Date "2003.11.08"]
[Round "4"]
[White "Antal,Ge"]
[Black "Balogh,C"]
[Result "1/2-1/2"]
[WhiteElo "2473"]
[BlackElo "2449"]

1.e4 c5 2.Nf3 d6 3.d4 cxd4 4.Nxd4 Nf6 5.Nc3 Nc6 6.Bg5 e6 7.Qd2 Be7 8.O-O-O O-O
9.Nb3 Qb6 10.f3 Rd8 11.Nb5 Ne5 12.Qa5 Qxa5 13.Nxa5 b6 14.Nc4 Nxc4 15.Bxc4 Bb7
16.a4 a6 17.Nd4 d5 18.exd5 Nxd5 19.Bxe7 Nxe7 20.Rhe1  1/2-1/2

[Event "ch-UKR"]
[Site "Simferopol UKR"]
[Date "2003.11.08"]
[Round "5"]
[White "Solovchuk,A"]
[Black "Andreev,Ed"]
[Result "0-1"]
[WhiteElo "2342"]
[BlackElo "2473"]

1.e4 c5 2.Nf3 d6 3.d4 cxd4 4.Nxd4 Nf6 5.Nc3 Nc6 6.Bg5 e6 7.Qd2 a6 8.O-O-O Bd7
9.f4 h6 10.Bh4 g5 11.fxg5 Ng4 12.Nf3 hxg5 13.Bg3 Be7 14.Be2 Nge5 15.Kb1 b5
16.Rhf1 f6 17.Nxe5 dxe5 18.Bd3 Qc7 19.h3 Na5 20.Be1 Nb7 21.Ne2 Nc5 22.Ng3 O-O-O
23.Qe3 Rhf8 24.Bc3 Kb8 25.Qd2 Rc8 26.Ba5 Qb7 27.Rc1 Bc6 28.Rfe1 Rh8 29.b4 Nxd3
30.cxd3 Qa7 31.Ne2 f5 32.Nc3 Qd4 33.a3 Bb7 34.Rc2 Rhg8 35.Rec1 Qd7 36.Bb6 g4
37.hxg4 Rxg4 38.Bg1 Bc6 39.Qe3 Bg5 40.Qb6+ Qb7 41.Re1 Bh4 42.Ree2 Qxb6 43.Bxb6 Bf6
44.Ka2 Kb7 45.Bc5 Rd8 46.Re3 Rdg8 47.Ree2 Rg3 48.Rcd2 Bg5 49.Rc2 Bf4 50.d4 exd4
51.Bxd4 Rd3  0-1

[Event "ch-Europe Internet Blitz"]
[Site "playchess.com INT"]
[Date "2003.11.09"]
[Round "2.3"]
[White "Panarin,M"]
[Black "Timofeev,Ar"]
[Result "1-0"]
[WhiteElo "2424"]
[BlackElo "2575"]

1.e4 c5 2.Nf3 d6 3.d4 cxd4 4.Nxd4 Nf6 5.Nc3 Nc6 6.Bg5 e6 7.Qd2 a6 8.O-O-O Bd7
9.f3 h6 10.Be3 Qc7 11.g4 Ne5 12.h4 b5 13.a3 Rc8 14.Kb1 g6 15.Be2 Bg7 16.g5 hxg5
17.hxg5 Rxh1 18.Rxh1 Nh5 19.f4 Nc4 20.Bxc4 Qxc4 21.Nde2 b4 22.axb4 Qxb4 23.Rd1 Rxc3
24.Nxc3 Bxc3 25.Qxc3 Qxc3 26.bxc3 Ke7 27.e5 d5 28.Bc5+ Ke8 29.Be3 Bb5 30.Kb2 Kd7
31.Ka3 Kc6 32.Kb4 Ng3 33.Rg1 Nf5 34.Bf2 Ng7 35.Rh1 Nh5 36.Be3 Be2 37.Ka5 Bc4
38.Rb1 Bb5 39.Rh1 Kc7 40.Kb4 Kc6 41.Ka5 Kd7 42.Kb6 Bc4 43.Kc5 Kc7 44.Rb1 Bb5
45.Rh1 Be2 46.Rb1 Ng3 47.Rg1 Nf1 48.Bc1 Bc4 49.Rh1 Ng3 50.Rh7 Ne4+ 51.Kd4 Kc6
52.Rxf7 Be2 53.Ba3 Bg4 54.c4 a5 55.cxd5+ exd5 56.Ra7 Kb6 57.Rg7 Bf5 58.e6 Kc6
59.e7 Kd7 60.Rg8  1-0

[Event "ch-UKR"]
[Site "Simferopol UKR"]
[Date "2003.11.09"]
[Round "6"]
[White "Savvopulo,A"]
[Black "Ljahovetsky,I"]
[Result "1-0"]
[WhiteElo "2202"]
[BlackElo "2098"]

1.e4 c5 2.Nf3 Nc6 3.d4 cxd4 4.Nxd4 Nf6 5.Nc3 d6 6.Bg5 e6 7.Qd2 h6 8.Be3 a6
9.f3 d5 10.exd5 Nxd5 11.Nxc6 bxc6 12.Nxd5 cxd5 13.Bd4 f6 14.Bd3 Kf7 15.f4 Qc7
16.Qe3 Bd6 17.O-O g6 18.Kh1 h5 19.c4 dxc4 20.Rac1 Qe7 21.Bxc4 Kg7 22.Rce1 Re8
23.Qe4 Rb8 24.Re3 h4 25.Rfe1 Qc7 26.Bd3 Qf7 27.Qf3 Rb4 28.Bc3 Rxf4 29.Qc6 Qd7
30.Qxd7+ Bxd7 31.Bxa6 Ra8 32.Bb7 Rxa2 33.Rd3 Ra7 34.Rxd6 Rxb7 35.Kg1 e5 36.Rf1 Rxf1+
37.Kxf1 Kf7 38.Kf2 Ke7 39.Ra6 g5 40.h3 Kf7 41.Kf3 Bf5 42.Kf2 g4 43.hxg4 Bxg4
44.Ra4 Bf5 45.Rxh4 Ke6 46.Ra4 Bd3 47.Ke3 Bb5 48.Rh4 Rg7 49.Kf2 Bc6 50.g3 Bd5
51.Rh8 Rb7 52.Rd8 Rd7 53.Rc8 Rb7 54.Rc5 Rd7 55.Ra5 Rb7 56.Ra6+ Kf7 57.Ke3 Rb5
58.Rd6 Ke7 59.Ra6 Kf7 60.Ra7+ Ke6 61.Rg7 Rb7 62.Rg6 Kf5 63.Rh6 Rg7 64.Kf2 Rg4
65.Rh5+ Rg5 66.Rh7 Rg4 67.Rd7 Ke6 68.Rd8 Rc4 69.Re8+ Kf7 70.Rb8 Ke6 71.Rb5 Rc6
72.Ke3 Rc7 73.Rb6+ Rc6 74.Rb8 Rc7 75.Kf2 Rb7 76.Rh8 Rg7 77.Rh6 Rg4 78.Ba5 Ra4
79.Bd8 Rb4 80.Rxf6+ Kd7 81.Rb6 Rxb6 82.Bxb6 Ke6 83.g4 Kf6 84.Bd8+ Kg6 85.b4 Bc4
86.Kf3 Bd5+ 87.Ke3 Bc6 88.Kf2 Bd7 89.Kg3 Bb5 90.Kh4  1-0

[Event "Friendship IM"]
[Site "Cartak CZE"]
[Date "2003.11.12"]
[Round "2"]
[White "Biolek,R2"]
[Black "Michenka,J"]
[Result "1-0"]
[WhiteElo "2436"]
[BlackElo "2339"]

1.e4 c5 2.Nf3 Nc6 3.d4 cxd4 4.Nxd4 Nf6 5.Nc3 d6 6.Bg5 e6 7.Qd2 a6 8.O-O-O h6
9.Bf4 Bd7 10.Nxc6 Bxc6 11.f3 Qa5 12.Kb1 O-O-O 13.Bc4 Nd7 14.a3 g5 15.Bg3 Ne5
16.Bb3 Ng6 17.Qd4 Rh7 18.Bf2 Qc5 19.Qd2 Qa5 20.Qe3 Qc5 21.Qe1 Qa5 22.Rd4 Ne5
23.Qd2 Be7 24.Rd1 Rhh8 25.Rb4 Nd7 26.Nd5 exd5 27.exd5 Bb5 28.Rc4+ Bxc4 29.Qxa5 Bxb3
30.cxb3 Kb8 31.Rc1 Rc8 32.Rxc8+ Rxc8 33.Qe1 Ne5 34.Qe3 Rc5 35.Qe4 Rc7 36.Qd4 Kc8
37.Qa7 Nd3 38.Bb6 Rc1+ 39.Ka2 Bf6 40.Qa8+ Kd7 41.Qxb7+ Ke8 42.Qxa6 Rc2 43.Qa8+ Kd7
44.Qa4+ Ke7  1-0

[Event "FSGM November"]
[Site "Budapest HUN"]
[Date "2003.11.13"]
[Round "13"]
[White "Kayumov,S"]
[Black "Bui Vinh"]
[Result "0-1"]
[WhiteElo "2434"]
[BlackElo "2463"]

1.e4 c5 2.Nf3 Nc6 3.d4 cxd4 4.Nxd4 Nf6 5.Nc3 d6 6.Bg5 e6 7.Qd2 a6 8.O-O-O Bd7
9.f4 b5 10.Bxf6 gxf6 11.Kb1 Qb6 12.Nxc6 Bxc6 13.Qe1 Ra7 14.Bd3 b4 15.Ne2 a5
16.Qh4 Be7 17.f5 e5 18.Bc4 Qc5 19.Bd5 Rc7 20.Bxc6+ Rxc6 21.Rd2 a4 22.Nc1 O-O
23.Rf1 Kh8 24.Qh5 Qc4 25.Rf3 Rg8 26.b3 axb3 27.axb3 Qxe4 28.Qxf7 Rc7 29.Rh3 Qxf5
30.Rf2 Qg6 31.Qd5 Rf8 32.Nd3 Qg4 33.Nb2 Qg8 34.Qa5 Rb7 35.Qa6 Rfb8 36.Qe2 d5
37.g4 Rc8 38.g5 Qxg5 39.Rg3 Qh4 40.Rg4 Qh6 41.Rfg2 e4 42.Qa6 Rbb8 43.Qe6 Re8
44.Qf7 f5 45.Qxf5 Qf6 46.Qxd5 Qf1+ 47.Qd1 Qxd1+ 48.Nxd1 Bf6 49.Re2 Ra8 50.Nb2 Red8
51.Rg1 Ra5 52.Rge1 Rda8 53.c4 Ra1+ 54.Kc2 Rxe1 55.Rxe1 Ra2 56.Rb1 e3 57.Kd3 Rxb2
58.Rxb2 Bxb2 59.Kxe3 Kg7 60.Ke4 Kf6 61.Kd5 Ke7 62.c5 Kd7 63.h3 Bc3 64.c6+ Kc7
65.Kc5 h5 66.Kb5 Be1 67.Kc5 h4 68.Kb5 Kb8 69.Kc5 Kc7 70.Kb5 Bf2 71.Kxb4 Kxc6
72.Kc4 Bb6 73.b4 Kd6 74.Kb5 Bg1 75.Kc4 Ke5 76.Kd3 Kf4 77.b5 Bb6  0-1

[Event "Friendship GM"]
[Site "Cartak CZE"]
[Date "2003.11.14"]
[Round "5"]
[White "Simacek,P"]
[Black "Klima,L"]
[Result "1/2-1/2"]
[WhiteElo "2442"]
[BlackElo "2423"]

1.e4 c5 2.Nf3 Nc6 3.d4 cxd4 4.Nxd4 Nf6 5.Nc3 d6 6.Bg5 e6 7.Qd2 Be7 8.O-O-O Nxd4
9.Qxd4 O-O 10.f4 Qa5 11.Bc4 Bd7 12.e5 dxe5 13.fxe5 Bc6 14.Bd2 Nd7 15.Nd5 Qd8
16.Nxe7+ Qxe7 17.Rhe1 Rfd8 18.Qg4 Nf8 19.Bd3 Rxd3 20.cxd3 Qd7 21.Bb4 Ng6
22.Bd6 f5 23.Qd4 Bxg2 24.Kb1 Bc6 25.Rg1 Qd8 26.Rg3 Qh4 27.Qxh4 Nxh4 28.Rdg1 g6
29.Rf1 Kf7 30.Rf4 g5 31.Rxg5 Ng6 32.Rf2 Rc8 33.Rc2 Nf4 34.Rc4 h6 35.Rg3 Ng6
36.Kc1 Rg8 37.Kd2 h5 38.h4 Nh8 39.Rxg8 Kxg8 40.Be7 Nf7 41.Bf6 Nh6 42.Ke3 Kf7
43.Kf4 Kg6 44.Bg5 Ng4 45.Rc2 Kf7 46.Bd8 Kg6 47.Be7 a6 48.Bd8 Nh6 49.Bb6 Ng4
50.Bd4 Nh6 51.Rc5 Ng8 52.Rc1 Ne7 53.Rg1+ Kh6 54.Be3 Ng6+ 55.Kg3+ Kh7 56.d4 Bd5
57.a3 Bc6 58.Bd2 Kg8 59.Kf2 Kf7 60.Bg5 f4 61.Bf6 f3 62.Ke3 Bd5 63.Rg3 Nf4
64.Rg7+ Kf8 65.Rg1 f2 66.Rc1 Bc4 67.Kxf4 f1=Q+ 68.Rxf1 Bxf1 69.d5 exd5 70.e6  1/2-1/2

[Event "TCh-FIN 2003-4"]
[Site "Finland FIN"]
[Date "2003.11.15"]
[Round "4"]
[White "Agopov,M"]
[Black "Molander,R"]
[Result "1-0"]
[WhiteElo "2378"]
[BlackElo "2324"]

1.e4 c5 2.Nf3 Nc6 3.d4 cxd4 4.Nxd4 Nf6 5.Nc3 d6 6.Bg5 e6 7.Qd2 a6 8.O-O-O Bd7
9.f4 Be7 10.Nf3 b5 11.Bxf6 gxf6 12.Kb1 Qb6 13.f5 O-O-O 14.g3 Kb8 15.fxe6 fxe6
16.Bh3 Bc8 17.Qe1 Rhe8 18.Ne2 Ne5 19.Rf1 Nc4 20.Rd3 Ne5 21.Rd4 Qc6 22.Nd2 Ka8
23.Nf4 Bf8 24.Nh5 Nd7 25.Nb3 Re7 26.Qd1 Nc5 27.Nxc5 Qxc5 28.Rxf6 Qe5 29.Rf1 Bb7
30.Bg4 Rc7 31.Nf4 Re7 32.Rb4 Bg7 33.Nd3 Qg5 34.Rf4 Rc8 35.a4 bxa4 36.Rxa4 Qb5
37.e5 dxe5 38.Rfb4 Qd5 39.Bf3 Qxf3 40.Rxa6+ Bxa6 41.Qxf3+ Bb7  1-0

[Event "ch-IND A Women"]
[Site "Calicut IND"]
[Date "2003.11.16"]
[Round "12"]
[White "Saheli,N"]
[Black "Ramaswamy,A"]
[Result "1-0"]
[WhiteElo "2127"]
[BlackElo "2322"]

1.e4 c5 2.Nf3 Nc6 3.d4 cxd4 4.Nxd4 Nf6 5.Nc3 d6 6.Bg5 Qb6 7.Nb3 e6 8.a4 Qc7
9.a5 Be7 10.Bxf6 gxf6 11.Qd2 a6 12.Na4 Rb8 13.Nb6 d5 14.exd5 Nb4 15.c4 exd5
16.Nxd5 Qe5+ 17.Be2 Nxd5 18.cxd5 Bf5 19.O-O Be4 20.Bc4 Bxg2 21.f4 Qe4 22.Qxg2 Qxc4
23.Qf3 Rd8 24.Rfd1 Kf8 25.Rac1 Qb5 26.d6 Rg8+ 27.Kf2 Bxd6 28.Rxd6 Re8 29.Rd2 Qf5
30.Rd5 Qe6 31.Nc5  1-0

[Event "Fakel Jamala"]
[Site "Noyabrsk RUS"]
[Date "2003.11.19"]
[Round "2"]
[White "Reutsky,S"]
[Black "Itkis,B"]
[Result "1/2-1/2"]
[WhiteElo "2341"]
[BlackElo "2476"]

1.e4 c5 2.Nf3 d6 3.d4 cxd4 4.Nxd4 Nf6 5.Nc3 Nc6 6.Bg5 e6 7.Nb3 a6 8.Qd2 b5
9.O-O-O b4 10.Na4 Nxe4 11.Bxd8 Nxd2 12.Nb6 Rb8 13.Bc7 Rb7 14.Nxc8 Nxb3+ 15.axb3 Rxc7
16.Nxd6+ Bxd6 17.Rxd6 Ke7 18.Rd2 Rhc8 19.f4 a5 20.Bb5 Rd8 21.Rxd8 Nxd8 22.Re1 Rc5
23.Bd3 Nb7 24.Kd2 g5 25.fxg5 Rxg5 26.g3 Nc5 27.Bc4 Rf5 28.Ra1 Rf2+ 29.Ke3 Rxc2
30.Rxa5 Kd6 31.h4 Rxb2 32.Rb5 Nd7 33.Rxb4 Rg2 34.Kf4 Rf2+ 35.Ke3 Rg2 36.Kf4 Rf2+
37.Ke3  1/2-1/2

[Event "IM"]
[Site "Varazdin CRO"]
[Date "2003.11.22"]
[Round "3"]
[White "Segovic,G"]
[Black "Kiss,At"]
[Result "1/2-1/2"]
[WhiteElo "2091"]
[BlackElo "2397"]

1.e4 c5 2.Nf3 Nc6 3.d4 cxd4 4.Nxd4 Nf6 5.Nc3 d6 6.Bg5 e6 7.Bc4 Be7 8.Qd2 a6
9.a4 Qc7 10.O-O-O O-O 11.Rhe1 Rd8 12.Ba2 Bd7 13.f3 b5 14.axb5 Nxd4 15.b6 Qc5
16.b4 Qxb4 17.Qxd4 Qa5 18.Bd2 Rab8 19.Kb1 Rxb6+ 20.Ka1 Rb4 21.Qe3 Rdb8 22.Rb1 Qc7
23.Rxb4 Rxb4 24.Rb1 a5 25.Qd3 Bc6 26.Rxb4 axb4 27.Nb5 Bxb5 28.Qxb5 Qxc2 29.Qb8+ Bf8
30.Qxb4 Qd1+ 31.Kb2 d5 32.Qd4 e5 33.Qe3 Bc5 34.Qxc5 Qxd2+ 35.Ka3 Qd3+ 36.Bb3 Qa6+
37.Kb2 dxe4 38.fxe4 Qe2+ 39.Bc2 Nd7 40.Qd5 Nf8 41.Qxe5 Qxg2 42.Kc3 g6 43.Bb3 Qf3+
44.Kb4 Qd3 45.Bd5 Qb1+ 46.Ka5 Qb6+ 47.Kxb6 Nd7+ 48.Kc7 Nxe5 49.Kd6 Nf3 50.Ke7 Ne5
51.Kf6 Nf3 52.Ke7 Nxh2 53.Bxf7+ Kg7 54.e5 Nf3 55.e6 Nd4 56.Kd7 Nf5 57.e7 Nxe7
58.Kxe7 h5 59.Bd5 g5 60.Ke6 h4 61.Kf5 Kh6 62.Kg4 Kg6 63.Be4+ Kf6 64.Bd3 Ke5
65.Kxg5 h3 66.Bf1 h2 67.Bg2  1/2-1/2

[Event "Fakel Jamala"]
[Site "Noyabrsk RUS"]
[Date "2003.11.24"]
[Round "7"]
[White "Farakhov,R"]
[Black "Itkis,B"]
[Result "1/2-1/2"]
[WhiteElo "2383"]
[BlackElo "2476"]

1.e4 c5 2.Nf3 d6 3.d4 cxd4 4.Nxd4 Nf6 5.Nc3 Nc6 6.Bg5 e6 7.Qd2 a6 8.O-O-O Nxd4
9.Qxd4 Be7 10.f4 b5 11.Bxf6 gxf6 12.e5 d5 13.f5 fxe5 14.Qxe5 Bf6 15.Qg3 Bd7
16.fxe6 fxe6 17.Be2 Qb8 18.Bh5+ Kd8 19.Qf3 Rf8 20.Kb1 Bg7 21.Qh3 Qd6 22.Bg4 Rc8
23.Rd3 b4 24.Nd1 Ba4 25.Rd2 Qf4 26.Re2 Bh6 27.Ne3 Bg7 28.Qh4+ Bf6 29.Qg3 Qxg3
30.hxg3 Rc6 31.b3 Bb5 32.Rf2 d4 33.Nc4 Bxc4 34.bxc4 Rxc4 35.Bxe6 Rc7 36.Rhf1 Ke7
37.Bb3 Rc6  1/2-1/2

[Event "IM"]
[Site "Varazdin CRO"]
[Date "2003.11.24"]
[Round "5"]
[White "Orak,L"]
[Black "Kiss,At"]
[Result "0-1"]
[WhiteElo "2285"]
[BlackElo "2397"]

1.e4 c5 2.Nf3 Nc6 3.d4 cxd4 4.Nxd4 Nf6 5.Nc3 d6 6.Bg5 e6 7.Qd2 a6 8.O-O-O Qb6
9.Nb3 Qc7 10.f4 b5 11.Bd3 Be7 12.Kb1 b4 13.Ne2 O-O 14.Bxf6 Bxf6 15.g4 g6
16.g5 Bg7 17.f5 Be5 18.f6 a5 19.Qe1 a4 20.Qh4 h5 21.Nd2 b3 22.cxb3 axb3 23.a3 Nb4
24.Qh3 Nxd3 25.Qxd3 Ba6  0-1

[Event "TCh-AUT 2003-4"]
[Site "Graz AUT"]
[Date "2003.11.30"]
[Round "3"]
[White "Balogh,C"]
[Black "Zelcic,R"]
[Result "1-0"]
[WhiteElo "2449"]
[BlackElo "2552"]

1.e4 c5 2.Nf3 d6 3.d4 cxd4 4.Nxd4 Nf6 5.Nc3 Nc6 6.Bg5 e6 7.Qd2 Be7 8.O-O-O O-O
9.f4 Nxd4 10.Qxd4 Qa5 11.Kb1 h6 12.h4 e5 13.Qf2 exf4 14.Nd5 Nxd5 15.Rxd5 Qc7
16.Qxf4 Be6 17.Bxe7 Qxe7 18.Rxd6 Rac8 19.Bd3 Bc4 20.Rd1 Qc7 21.c3 Bxd3+ 22.R1xd3 Rfe8
23.e5 Qc5 24.Rd7 Re7 25.Rd8+ Re8 26.R8d7 Re7 27.Rxe7 Qxe7 28.Rd5 Re8 29.Qg4 Qc7
30.Qd4 a6 31.Qc5 Qxc5 32.Rxc5 h5 33.a4 Re6 34.a5 Kh7 35.Rc7 Rxe5 36.Rxb7 Rxa5
37.Rxf7 Re5 38.Rf3 a5 39.Ka2 g5 40.hxg5 Rxg5 41.Rf2 Kg6 42.b4 axb4 43.cxb4 Rb5
44.Kb3 Rb8 45.Kc4 Kg5 46.b5 Kg4 47.Kc5 h4 48.b6 Kg3 49.Rb2 Rc8+ 50.Kd6 Rd8+
51.Kc7 Rg8 52.b7 Rg7+ 53.Kb6  1-0

[Event "34th NCC"]
[Site "Philadelphia USA"]
[Date "2003.11.30"]
[Round "6"]
[White "Strenzwilk,D"]
[Black "Dougherty,M"]
[Result "0-1"]
[WhiteElo "2130"]
[BlackElo "2244"]

1.e4 c5 2.Nf3 Nc6 3.d4 cxd4 4.Nxd4 Nf6 5.Nc3 d6 6.Bg5 a6 7.Qd2 Bd7 8.O-O-O b5
9.f4 e6 10.Bxf6 gxf6 11.Nxc6 Bxc6 12.Bd3 b4 13.Ne2 Qb6 14.Kb1 h5 15.f5 e5
16.Ng3 h4 17.Nf1 Bh6 18.Qe2 Ke7 19.Nd2 Qe3 20.Qxe3 Bxe3 21.Nc4 Bc5 22.Na5 Bb5
23.Bc4 Bxc4 24.Nxc4 Rhg8 25.Rd2 Rg4 26.Re1 Rag8 27.Ree2 d5 28.Rxd5 Rxg2 29.Rxg2 Rxg2
30.c3 Bg1 31.h3 bxc3 32.bxc3 Re2 33.Na5 Rxe4 34.Nc6+ Kf8 35.Rd8+ Kg7 36.Ne7 Bc5
37.Rg8+ Kh7 38.Nd5 Re1+ 39.Kc2 Kxg8 40.Nxf6+ Kg7  0-1

[Event "ch-GRE"]
[Site "Aspropyrgos GRE"]
[Date "2003.12.01"]
[Round "3"]
[White "Mastrovasilis,D"]
[Black "Moutousis,K"]
[Result "1-0"]
[WhiteElo "2512"]
[BlackElo "2460"]

1.e4 c5 2.Nf3 Nc6 3.d4 cxd4 4.Nxd4 Nf6 5.Nc3 d6 6.Bg5 e6 7.Qd2 a6 8.O-O-O Bd7
9.f4 b5 10.Bxf6 gxf6 11.Kb1 Qb6 12.Nce2 h5 13.g3 Na5 14.b3 Rc8 15.Bg2 Nb7
16.Rhf1 Nc5 17.Qe3 Qc7 18.Rc1 Bh6 19.h4 a5 20.Bf3 Bg7 21.Rfd1 Ke7 22.Nc3 Rb8
23.Nf5+ Kf8 24.Nxd6 b4 25.Ne2 Qa7 26.Rd2 a4 27.Rcd1 Ra8 28.Nb7 Nxb3 29.Qxa7 Nxd2+
30.Rxd2 Rxa7 31.Rxd7 e5 32.a3 bxa3 33.Nc3 Kg8 34.Ka2 f5 35.exf5 Kh7 36.Be4 Kh6
37.Rd6+ f6 38.fxe5 Rc8 39.Nb5 Raa8 40.Rd7 Rab8 41.N7d6 Rc5 42.c4 Bf8 43.Nf7+ Kg7
44.Ng5+ Kh8 45.exf6  1-0

[Event "Cultural Village"]
[Site "Wijk aan Zee NED"]
[Date "2003.12.01"]
[Round "7"]
[White "Ris,R"]
[Black "Van Delft,M"]
[Result "0-1"]
[WhiteElo "2297"]
[BlackElo "2402"]

1.e4 c5 2.Nf3 d6 3.d4 cxd4 4.Nxd4 Nf6 5.Nc3 Nc6 6.Bg5 Qb6 7.Nb3 e6 8.Qd2 Be7
9.O-O-O O-O 10.Kb1 a6 11.f3 Rd8 12.Be3 Qc7 13.Qf2 Nd7 14.f4 b5 15.g4 Rb8
16.g5 Nb6 17.Bd3 b4 18.Ne2 a5 19.Ned4 Nxd4 20.Nxd4 Nc4 21.Bxc4 Qxc4 22.f5 Bb7
23.Rhf1 Bxe4 24.b3 Qc3 25.fxe6 f6 26.Bc1 Rbc8 27.Bb2 Qc5 28.Rde1 d5 29.Ka1 Rf8
30.Nf5 fxg5 31.Qd4 Bf6 32.Qxc5 Rxc5 33.Nh6+ gxh6 34.Bxf6 Rxc2 35.h4 g4 36.Be5 Re8
37.Rf4 Rxe6 38.Rxg4+ Rg6 39.Rxg6+ hxg6 40.Rf1 g5 41.hxg5 hxg5 42.a3 bxa3
43.Rg1 Bg2 44.Bd6 a2 45.b4 axb4 46.Bxb4 g4 47.Bd2 Rxd2 48.Rxg2 Rd4 49.Rd2 Ra4
50.Rxd5 Kf7 51.Rc5 Kf6 52.Rc8 Kg5 53.Rh8 Kf4  0-1

[Event "TCh-CZE Extraliga 2003-4"]
[Site "Czech Rep CZE"]
[Date "2003.12.06"]
[Round "3"]
[White "Kanovsky,D"]
[Black "Vesselovsky,S"]
[Result "1-0"]
[WhiteElo "2298"]
[BlackElo "2409"]

1.e4 c5 2.Nf3 d6 3.d4 cxd4 4.Nxd4 Nf6 5.Nc3 Nc6 6.Bg5 Bd7 7.Qd2 Rc8 8.O-O-O Nxd4
9.Qxd4 Qa5 10.Bd2 a6 11.f3 e5 12.Qd3 Be6 13.a3 Qc7 14.Bg5 Nd7 15.Kb1 Be7
16.Bxe7 Kxe7 17.g3 Rhd8 18.f4 Nf6 19.f5 Bc4 20.Qd2 d5 21.Bxc4 dxc4 22.Qe2 Rxd1+
23.Rxd1 Rd8 24.Rxd8 Kxd8 25.g4 h6 26.h4 Qc5 27.g5 hxg5 28.hxg5 Ne8 29.Qh5 f6
30.g6 b5 31.Qh8 Qg1+ 32.Ka2 Qf2 33.Qg8 Qxc2 34.Qd5+ Kc7 35.Qa8 Kd7 36.Qxa6 Nd6
37.Qa7+ Kc6 38.Qa8+ Kd7 39.Qd5 Kc7 40.Qc5+ Kd7 41.Qb6 Qd3 42.Qc5 Qc2 43.Qd5 Kc7
44.Nxb5+ Nxb5 45.Qc5+ Kd8 46.Qxb5 Qxe4 47.Qb8+ Kd7 48.Qa7+ Kd6 49.Qxg7 c3
50.Qxf6+ Kc5 51.Qf8+ Kb5 52.Qb8+ Ka6 53.Qc8+ Kb6 54.Qxc3 Qxf5 55.Qb3+  1-0

[Event "6th Open"]
[Site "Tanta City EGY"]
[Date "2003.12.07"]
[Round "1"]
[White "Frhat,A"]
[Black "Miroshnichenko,E"]
[Result "1/2-1/2"]
[WhiteElo "2313"]
[BlackElo "2571"]

1.e4 c5 2.Nf3 d6 3.d4 Nf6 4.Nc3 cxd4 5.Nxd4 Nc6 6.Bg5 Qb6 7.Nb3 e6 8.Qd2 Be7
9.Bxf6 gxf6 10.Nb5 O-O 11.O-O-O Rd8 12.Qh6 Kh8 13.f4 a6 14.Nc3 Qe3+ 15.Kb1 Ne5
16.Be2 Bd7 17.Rhe1 Ng6 18.g3 Qb6 19.f5 Bf8 20.Qh5 Ne5 21.Rf1 Bg7 22.g4 Qe3
23.h4 b5 24.g5 b4 25.gxf6 Bf8 26.Rg1 bxc3 27.Rg5 exf5 28.exf5 Ng6 29.fxg6 fxg6
30.Rxg6 Be8 31.Qg5 Qxg5 32.Rxg5 Bh6 33.Ra5 cxb2 34.Bc4 Ra7 35.Kxb2 Bf7 36.Bxf7 Rxf7
37.Rxa6 Rxf6 38.a4 Bg7 39.Kb1 d5 40.Rxf6 Bxf6 41.h5 Kg7 42.Nc5 Kh6 43.Rh1 Ra8
44.Rd1 Ra5 45.Nb3 Rxa4 46.Rxd5 Bg5 47.Rd7 Rh4 48.Nd4 Rxh5 49.c4 Bf6 50.Ne6 Re5
51.Rd6 Be7 52.Ra6 Kh5 53.Nf4+ Kg4 54.Nd3 Re3 55.Kc2 h5 56.c5 h4 57.c6 Bd6
58.Ra4+ Kg3 59.Rd4 Re6 60.Ne1 Bc7 61.Kd1 Rxc6 62.Rd3+ Kf2 63.Rf3+ Kg1 64.Ke2 Bg3
65.Rf1+ Kh2 66.Nf3+ Kg2 67.Rg1+ Kh3 68.Rh1+ Kg4 69.Rxh4+  1/2-1/2

[Event "ch-IND National A"]
[Site "Calicut IND"]
[Date "2003.12.08"]
[Round "8"]
[White "Das,A"]
[Black "Bakre,T"]
[Result "0-1"]
[WhiteElo "2299"]
[BlackElo "2443"]

1.e4 c5 2.Nf3 d6 3.d4 cxd4 4.Nxd4 Nf6 5.Nc3 Nc6 6.Bg5 e6 7.Qd2 a6 8.O-O-O Bd7
9.f3 Be7 10.Kb1 Rc8 11.g4 h5 12.gxh5 Nxh5 13.Bxe7 Qxe7 14.Rg1 Rd8 15.Nde2 Ne5
16.Bg2 Bc6 17.f4 Ng6 18.Bf3 Qf6 19.f5 Ne5 20.Bxh5 Rxh5 21.Nd4 exf5 22.exf5 Kf8
23.Nxc6 bxc6 24.Ne4 Qh4 25.Qa5 Rb8 26.Nxd6 Qe7 27.Rge1 f6 28.Qxa6 Rxh2 29.Qa3 Rd8
30.Qc5 Rh5 31.b4 Rh4 32.a3 Kg8 33.Rd2 Rb8 34.c3 Qf8 35.Qf2 Rh3 36.Rc1 Rd8
37.Qg2 Re3 38.Qf2 Rd3 39.Ne4 Rxd2 40.Nxd2 Nd3 41.Qh4 Nxc1 42.Qc4+ Qf7 43.Kxc1 Qd5
44.a4 Kf8 45.Qxd5 Rxd5 46.a5 Ke7 47.a6 Rd8 48.Nb3 Ra8 49.Nc5 Kd6 50.Kc2 Ke7
51.Ne6 Kd6 52.Nxg7 Rb8 53.Kb3 Rb6  0-1

[Event "ch-IND National A"]
[Site "Calicut IND"]
[Date "2003.12.10"]
[Round "10"]
[White "Hariharan,V"]
[Black "Bakre,T"]
[Result "0-1"]
[WhiteElo "2245"]
[BlackElo "2443"]

1.e4 c5 2.Nf3 d6 3.d4 cxd4 4.Nxd4 Nf6 5.Nc3 Nc6 6.Bg5 e6 7.Qd2 a6 8.O-O-O Bd7
9.f3 Be7 10.Kb1 Rc8 11.g4 b5 12.Be3 h6 13.Qf2 Qc7 14.Bd3 b4 15.Nce2 d5 16.Nxc6 Bxc6
17.e5 Nd7 18.f4 d4 19.Bxd4 Bxh1 20.Rxh1 Nc5 21.Bxc5 Qxc5 22.Qf3 a5 23.Ng3 a4
24.Ne4 Qa5 25.Nd6+ Bxd6 26.exd6 O-O 27.Qe4 g6 28.Rf1 Rcd8 29.f5 exf5 30.gxf5 Rxd6
31.Qf4 Rf6 32.Qxh6 Qe5 33.Qd2 Rb8 34.Re1 Qd6 35.Qg2 a3 36.fxg6 Qd4 37.gxf7+ Kxf7
38.Kc1 Qxb2+ 39.Kd1 Qa1+ 40.Kd2 Qd4 41.Kc1 b3 42.Qe2 Qf4+ 43.Qd2  0-1

[Event "6th Open"]
[Site "Tanta City EGY"]
[Date "2003.12.10"]
[Round "4"]
[White "Bengafer,M"]
[Black "Frhat,A"]
[Result "1/2-1/2"]
[WhiteElo "2280"]
[BlackElo "2313"]

1.e4 c5 2.Nf3 Nc6 3.d4 cxd4 4.Nxd4 Nf6 5.Nc3 d6 6.Bg5 e6 7.Qd2 a6 8.O-O-O Be7
9.f4 Nxd4 10.Qxd4 b5 11.Bd3 Bb7 12.Qe3 Qc7 13.Kb1 b4 14.Ne2 Qc5 15.Qxc5 dxc5
16.Ng3 Ng4 17.Bxe7 Kxe7 18.Rd2 Rhd8 19.h3 Nf6 20.e5 Nd5 21.Be4 Rd7 22.Rhd1 Rad8
23.Kc1 g6 24.Nf1 Bc8 25.Bxd5 exd5 26.Ne3 d4 27.Ng4 Rc7 28.Nf6 h5 29.g4 hxg4
30.hxg4 Be6 31.Rh2 a5 32.Rdh1 Rdc8 33.b3 a4 34.Rf1 axb3 35.axb3 Ra8 36.Kb2 c4
37.bxc4 Bxc4 38.Ra1 Rxa1 39.Kxa1 d3 40.cxd3 Ra7+ 41.Kb1 Bxd3+ 42.Kb2 Bc4
43.Kb1 Bd3+ 44.Kb2  1/2-1/2

[Event "22nd SEA Games Standard"]
[Site "Ho Chi Minh City VIE"]
[Date "2003.12.11"]
[Round "6"]
[White "Saelee,U"]
[Black "Saeheng,B"]
[Result "1/2-1/2"]
[WhiteElo "2130"]
[BlackElo "2265"]

1.e4 c5 2.Nf3 Nc6 3.d4 cxd4 4.Nxd4 Nf6 5.Nc3 d6 6.Bg5 e6 7.Qd2 h6 8.Bxf6 gxf6
9.O-O-O a6 10.f4 Qb6 11.Nb3 Qc7 12.Be2 h5 13.h4 b5 14.a3 Rb8 15.Kb1 b4 16.axb4 Rxb4
17.f5 Qb8 18.Rhf1 Be7 19.Qd3 Ne5 20.Qg3 Kf8 21.fxe6 fxe6 22.Qg5 Nf7 23.Qa5 Bd8
24.Qa3 Be7 25.Nd4 Ne5 26.b3 Qb6 27.Nf5 a5 28.Nxe7 Kxe7 29.Rd5 a4 30.Bb5 Rxb5
31.Rxb5 Qc6 32.Qb4 axb3 33.cxb3 Nd7 34.Rc1 Qa6 35.Ra5 Qd3+ 36.Ka1 Qe3 37.Rd1 Nc5
38.Ra2 Bd7 39.Re2 Qg3 40.Red2 Ra8+ 41.Kb1 Ra6 42.Qxc5 Rc6 43.Qb4 Rxc3 44.Qxd6+ Qxd6
45.Rxd6 Rxb3+ 46.Ka2 Rb7 47.Ra6 Be8 48.Rdd6 Bf7 49.Ka3 Rb1 50.Rdb6 Rxb6 51.Rxb6 Bg6
52.Kb4 Bxe4 53.g3 e5 54.Kc5 Bf3 55.Ra6 Be2 56.Rb6 Bf3 57.Kc4 Kf7 58.Kd3 Kg6
59.Ke3 Bg2 60.Rb8 Bd5 61.Re8 Kf5 62.Re7 Bb3 63.Rd7 Ke6  1/2-1/2

[Event "22nd SEA Games Standard w"]
[Site "Ho Chi Minh City VIE"]
[Date "2003.12.13"]
[Round "9"]
[White "Le Thi Phuong Lien"]
[Black "Lumongdong,L"]
[Result "1-0"]
[WhiteElo "2208"]
[BlackElo "2150"]

1.e4 c5 2.Nf3 Nc6 3.d4 cxd4 4.Nxd4 Nf6 5.Nc3 d6 6.Bg5 e6 7.Qd2 a6 8.O-O-O h6
9.Bf4 Bd7 10.Nb3 Ne5 11.Bg3 Qc7 12.f4 Nc4 13.Bxc4 Qxc4 14.e5 Nh5 15.exd6 Nxg3
16.hxg3 g6 17.Rhe1 Bg7 18.Nd5 O-O 19.Nb6 Qc6 20.Nxa8 Rxa8 21.Kb1 a5 22.Nd4 Qb6
23.c3 a4 24.a3 Rc8 25.Re3 Rc5 26.Nf3 Rd5 27.Rd3 Qxd6 28.Rxd5 exd5 29.Qxd5 Bf5+
30.Kc1 Qa6 31.Qd8+ Bf8 32.Qe8 Bd3 33.Ne5  1-0